...Mineral resources, Hazelton and Smithers areas, Cassair and Coast districts, British Columbia, (Record no. 27666)

MARC details
000 -LEADER
fixed length control field 01218cam a22003011 4500
001 - CONTROL NUMBER
control field gs 40000321
003 - CONTROL NUMBER IDENTIFIER
control field DLC
005 - DATE AND TIME OF LATEST TRANSACTION
control field 20260227111346.0
008 - FIXED-LENGTH DATA ELEMENTS--GENERAL INFORMATION
fixed length control field 760402s1940 oncef b f001 0 eng c
010 ## - LIBRARY OF CONGRESS CONTROL NUMBER
LC control number gs 40000321
035 ## - SYSTEM CONTROL NUMBER
System control number (OCoLC)2087398
040 ## - CATALOGING SOURCE
Original cataloging agency U.S. Geol. Survey. Library
Transcribing agency NcBoA
Modifying agency NSbSU
-- DLC
042 ## - AUTHENTICATION CODE
Authentication code premarc
043 ## - GEOGRAPHIC AREA CODE
Geographic area code n-cn-bc
050 00 - LIBRARY OF CONGRESS CALL NUMBER
Classification number QE185
Item number .A2 no. 223
051 ## - LIBRARY OF CONGRESS COPY, ISSUE, OFFPRINT STATEMENT
Classification number TN27.B9
Item number K47
Copy information Copy 2.
051 ## - LIBRARY OF CONGRESS COPY, ISSUE, OFFPRINT STATEMENT
Classification number TN27.B9
Item number K47 Copy 2
Copy information Copy 3.
082 ## - DEWEY DECIMAL CLASSIFICATION NUMBER
Classification number 557.1
100 1# - MAIN ENTRY--PERSONAL NAME
Personal name Kindle, Edward Darwin,
Dates associated with a name 1906-
245 10 - TITLE STATEMENT
Title ...Mineral resources, Hazelton and Smithers areas, Cassair and Coast districts, British Columbia,
Statement of responsibility, etc. by E. D. Kindle.
260 ## - PUBLICATION, DISTRIBUTION, ETC.
Place of publication, distribution, etc. Ottawa,
Name of publisher, distributor, etc. J. O. Patenaude, I.S.O., printer to the King,
Date of publication, distribution, etc. 1940.
300 ## - PHYSICAL DESCRIPTION
Extent 2 p. l., 107 p.
Other physical details incl. tables. iv pl. (incl. front.) plans (part fold.)
Dimensions 25 cm.
490 1# - SERIES STATEMENT
Series statement Geological Survey of Canada. Memoir
Volume/sequential designation no. 223
500 ## - GENERAL NOTE
General note At head of title: Canada. Department of mines and resources. Mines and geology branch. Bureau of geology and topography. Geological survey.
504 ## - BIBLIOGRAPHY, ETC. NOTE
Bibliography, etc. note Bibliography: p. 3-4.
650 #0 - SUBJECT ADDED ENTRY--TOPICAL TERM
Topical term or geographic name entry element Mines and mineral resources
Geographic subdivision British Columbia.
830 #0 - SERIES ADDED ENTRY--UNIFORM TITLE
Uniform title Memoir (Geological Survey of Canada) ;
Volume/sequential designation 223

No items available.

Powered by Koha